[Event "Criciuma op-B"]
[Site "Criciuma"]
[Date "2024.01.17"]
[Round "8"]
[White "Boeing, Nayara Voss"]
[Black "Rolim, Claudia Vitoria Fer"]
[Result "0-1"]
[WhiteElo "1800"]
[BlackElo "1745"]
[PlyCount "78"]
[EventDate "2024.01.12"]
[EventType "swiss"]
[EventRounds "9"]
[EventCountry "BRA"]
[SourceTitle "CB04_2024"]
[SourceDate "2023.10.16"]
[SourceVersion "1"]
[SourceVersionDate "2023.10.16"]
[SourceQuality "1"]

1. e4 c5 2. Nf3 g6 3. Bc4 Bg7 4. Nc3 d6 5. d3 Nf6 6. Bf4 0-0 7. Qd2 a6 8. h3 b5 9. Bd5 Nxd5 10. Nxd5 Bxb2 11. Rb1 Bg7 12. Bh6 e6 13. Bxg7 Kxg7 14. Ne3 Re8 15. Ng4 f5 16. Qh6+ Kg8 17. Ng5 Ra7 18. Ne3 Qa5+ 19. Ke2 Ree7 20. h4 Nc6 21. Kf1 Qxa2 22. Rc1 Ne5 23. Nf3 Nf7 24. Qf4 e5 25. Qh2 f4 26. Nd5 Reb7 27. g3 Qb2 28. Kg2 Nh6 29. gxf4 Ng4 30. Qg3 exf4 31. Qxf4 Rf7 32. Qg3 b4 33. h5 g5 34. h6 b3 35. Rhf1 Rxf3 36. Qxf3 Rf7 37. Qd1 Qe5 38. Rh1 Rxf2+ 39. Kg1 Qg3# 0-1

[Event "Criciuma op-B"]
[Site "Criciuma"]
[Date "2024.01.16"]
[Round "7"]
[White "Rolim, Claudia Vitoria Fer"]
[Black "Cardoso, Maria Julia Pereira"]
[Result "1/2-1/2"]
[WhiteElo "1745"]
[BlackElo "1800"]
[PlyCount "48"]
[EventDate "2024.01.12"]
[EventType "swiss"]
[EventRounds "9"]
[EventCountry "BRA"]
[SourceTitle "CB04_2024"]
[SourceDate "2023.10.16"]
[SourceVersion "1"]
[SourceVersionDate "2023.10.16"]
[SourceQuality "1"]

1. e4 e5 2. Nf3 Nc6 3. Bc4 Bc5 4. d3 Nf6 5. a3 h6 6. b4 Be7 7. 0-0 d6 8. h3 0-0 9. Bb2 a6 10. b5 axb5 11. Bxb5 Bd7 12. Bxc6 Bxc6 13. Nbd2 Nd7 14. d4 exd4 15. Bxd4 Bf6 16. c3 Re8 17. Re1 b6 18. Bxf6 Nxf6 19. e5 dxe5 20. Rxe5 Rxe5 21. Nxe5 Qe8 22. Qe2 Bd7 23. Ndf3 Nd5 24. Qc4 c6 1/2-1/2

[Event "Criciuma op-B"]
[Site "Criciuma"]
[Date "2024.01.14"]
[Round "4"]
[White "Rolim, Claudia Vitoria Fer"]
[Black "Da Silva, Francisco Bitencour"]
[Result "1-0"]
[WhiteElo "1745"]
[BlackElo "1800"]
[PlyCount "59"]
[EventDate "2024.01.12"]
[EventType "swiss"]
[EventRounds "9"]
[EventCountry "BRA"]
[SourceTitle "CB04_2024"]
[SourceDate "2023.10.16"]
[SourceVersion "1"]
[SourceVersionDate "2023.10.16"]
[SourceQuality "1"]

1. e4 e5 2. Nf3 Nc6 3. Bc4 Nf6 4. Ng5 d5 5. exd5 Nxd5 6. d3 Bb4+ 7. c3 Bc5 8. Qf3 0-0 9. Bxd5 Qe7 10. 0-0 Be6 11. Be4 f6 12. Bxh7+ Kh8 13. Qh5 g6 14. Bxg6+ Kg8 15. Nxe6 Rfc8 16. Nxc5 Rab8 17. b4 b6 18. Na6 Ra8 19. Ba3 Rd8 20. b5 Nb4 21. Bxb4 Qg7 22. Nxc7 Rd7 23. Nxa8 a5 24. bxa6 Ra7 25. Nxb6 Rxa6 26. Nd5 Ra7 27. Ne7+ Rxe7 28. Bxe7 Qxe7 29. Nd2 Kf8 30. Qh8# 1-0